UBT Library

DUBIOS CONCEPTION (Record no. 10805)

000 -LEADER
fixed length control field 00256nam a22001217a 4500
008 - FIXED-LENGTH DATA ELEMENTS--GENERAL INFORMATION
fixed length control field 170414b xxu||||| |||| 00| 0 eng d
041 ## - LANGUAGE CODE
Language code of text/sound track or separate title eng
080 ## - UNIVERSAL DECIMAL CLASSIFICATION NUMBER
Universal Decimal Classification number 618
100 ## - Rafti
Rafti 10
101 ## - Shkurtesa
Shkurtesa SHM
245 ## - TITLE STATEMENT
Title DUBIOS CONCEPTION
Statement of responsibility, etc LUKER.K
942 ## - ADDED ENTRY ELEMENTS (KOHA)
Source of classification or shelving scheme
Item type Books
Holdings
Withdrawn status Lost status Source of classification or shelving scheme Damaged status Not for loan Permanent location Current location Shelving location Date acquired Total Checkouts Full call number Barcode Date last seen Price effective from Koha item type
          UBT - Lipjan UBT - Lipjan Koleksioni i përgjithshem 04/14/2017   618 LUK 002-281009 04/14/2017 04/14/2017 Books
UBT Library © 2015-2024. All rights reserved University Education for Business and Technology